000 00599nam a2200229Ia 4500
003 OSt
005 20221007072005.0
006 a|||||r|||| 00| 0
007 ta
008 221006b |||||||| |||| 00| 0 eng d
024 _a14,047
037 _cTextual
040 _aFLL
_cFLL
_beng
041 _2eng
_aeng
082 _aX:275, L3
100 _aWilkinson R.G. Au.
_9689814
245 0 _aPoverty and progress
260 _aLondon
_bMethuen and co. ltd. London
_c1973
300 _a225p
_ccm.
942 _hX:275, L3
_cTEXL
_2CC
999 _c1144888
_d1144888